00357nam a2200109Ia 4500008004100000082000800041100002400049245005800073942000600131952009500137999001500232240331s9999 xx 000 0 und d bART aSalvi, Giulia, . ed 0aArt andhistory of Egypt :b5000 years of civilization cL 001040708LaWERCLbWERCLcSSCd2024-03-31l0o 962 ARTp4722r2024-03-31w2024-03-31yL c3543d3543